Kraje z największą ilością surowców - Statystyki

Ogólne statystyki
  • Ten quiz został rozwiązany 267 razy
  • Średni wynik to 9 z 10
Statystyki odpowiedzi
Kontynent Kraj % Poprawnych
1.Azja Chiny
99%
7.Ameryka Północna Stany Zjednoczone
99%
5.Europa/Azja Rosja
98%
3.Ameryka Północna Kanada
97%
6.Ameryka Południowa Brazylia
96%
10.Oceania Australia
94%
4.Azja Indie
91%
8.Ameryka Południowa Wenezuela
80%
2.Azja Arabia Saudyjska
76%
9.Afryka Demokratyczna Republika Konga
43%
Nie znaleziono quizów pasujących do podanych kryteriów
Rozkład punktacji
Procent ludzi z każdym wynikiem
Percentyl według liczby udzielonych odpowiedzi
Twoja historia wyników
Nie rozwiązałeś tego quizu